000 00736nam a2200229 i 4500
001 188760
003 ES-MaACL
005 20230906223308.0
007 t|
008 190213s1971 sp r ||||1| spa d
100 1 _aAymerich, Carme.
_924178
245 1 3 _aLa expresión, medio de desarrollo /
_cCarmen y María Aymerich ; [versión castellana de Natividad Sabater].
260 _aBarcelona :
_bNova Terra,
_c1971.
300 _a190 p. ;
_c20 cm.
490 1 _aColección "Navidad" ;
_v32
650 0 4 _aNiños-
_xLenguaje.
_915548
700 0 _aAymerich, Maria.
_924180
700 1 _aSabater, Natividad.
_9166219
830 0 _aColección "Navidad" ;
_v32
_9181795
852 _aES-MaACL
_jP-474-Ter-30
999 _c188760
_d188760